An analysis of the plasticity retention index of the standard Malaysian Rubber Scheme (Record no. 54095)

MARC details
000 -LEADER
fixed length control field 00400nam a2200133Ia 4500
100 ## - MAIN ENTRY--AUTHOR NAME
Personal name Sambhi M S
245 #3 - TITLE STATEMENT
Title An analysis of the plasticity retention index of the standard Malaysian Rubber Scheme
260 ## - PUBLICATION, DISTRIBUTION, ETC. (IMPRINT)
Name of publisher Journal of Natural Rubber Research
Year of publication 1989
300 ## - PHYSICAL DESCRIPTION
Number of Pages 133-140
650 ## - SUBJECT ADDED ENTRY--TOPICAL TERM
Topical Term Plasticity retention index
650 ## - SUBJECT ADDED ENTRY--TOPICAL TERM
Topical Term SMR
942 ## - ADDED ENTRY ELEMENTS (KOHA)
Koha item type Journals
Holdings
Withdrawn status Lost status Damaged status Not for loan Home library Current library Shelving location Date acquired Serial Enumeration / chronology Koha item type
      Journals RRII Library RRII Library Rubber chemistry 17/12/2021 Volume 4, Issue 2 Journals